[Event "Sparkassen-Open A"]
[Site "Heusenstamm, Martinsee"]
[Date "2021.11.18"]
[Round "1.40"]
[White "Müdder, Melanie"]
[Black "Eilenberg, Jonas"]
[Result "0-1"]
[WhiteElo "1766"]
[BlackElo "2124"]
[PlyCount "142"]
[EventDate "2021.??.??"]
[WhiteTeam "SG Solingen"]
[BlackTeam "Königsjäger Süd-West"]

1. e4 e6 2. d4 d5 3. Nd2 Be7 4. Bd3 c5 5. c3 Nc6 6. Ngf3 Nf6 7. O-O dxe4 8.
Nxe4 cxd4 9. cxd4 O-O 10. Nc3 b6 11. a3 Bb7 12. Bb1 Rc8 13. Ba2 Nb8 14. Bf4 Nd5
15. Be5 Nxc3 16. bxc3 Bd5 17. Bxd5 Qxd5 18. Bxb8 Rxb8 19. Qa4 b5 20. Qa5 Rfc8
21. a4 b4 22. Qxd5 exd5 23. cxb4 Bxb4 24. h3 f6 25. Ra2 a5 26. Nh4 g6 27. g3
Rc4 28. Rd1 Rbc8 29. Ng2 Rc1 30. Ra1 R1c3 31. Ne3 Rd8 32. Rac1 Kf7 33. Rxc3
Bxc3 34. Rd3 Bb4 35. Rd1 Ke6 36. Rc1 Kd6 37. Rc2 Re8 38. Kg2 Re4 39. Rc8 Rxd4
40. Rd8+ Ke6 41. Re8+ Kd7 42. Rh8 Rd2 43. Rxh7+ Ke6 44. Rb7 Bc5 45. Kf3 Ra2 46.
Rb5 Bxe3 47. fxe3 Rxa4 48. h4 Ra1 49. e4 Ra3+ 50. Kf4 dxe4 51. Kxe4 Rxg3 52. h5
gxh5 53. Rxh5 Ra3 54. Rb5 Ra4+ 55. Kf3 f5 56. Rb6+ Ke5 57. Rb5+ Kf6 58. Rb8 Rb4
59. Rf8+ Kg6 60. Rg8+ Kf7 61. Ra8 a4 62. Ra6 Ke7 63. Ke3 f4+ 64. Kd3 f3 65. Kd2
f2 66. Ra7+ Kd6 67. Ra6+ Ke5 68. Ra5+ Kd4 69. Rf5 Rb2+ 70. Kc1 Re2 71. Kd1 Re1+
0-1

[Event "Sparkassen-Open A"]
[Site "Heusenstamm, Martinsee"]
[Date "2021.11.18"]
[Round "1.41"]
[White "Schupp, Tobias"]
[Black "Bittner, Peter"]
[Result "1-0"]
[WhiteElo "2121"]
[BlackElo "1862"]
[PlyCount "47"]
[EventDate "2021.??.??"]
[WhiteTeam "SK Niederbrechen"]
[BlackTeam "SC Nied"]

1. d4 Nf6 2. Nf3 d5 3. c4 c6 4. Nbd2 e6 5. e3 Be7 6. Bd3 Nbd7 7. O-O O-O 8. b3
Re8 9. Bb2 Bd6 10. Ne5 Qe7 11. f4 Ba3 12. Bxa3 Qxa3 13. g4 Nf8 14. c5 Qa5 15.
g5 N6d7 16. Ndf3 Nxe5 17. Nxe5 Qd8 18. Qh5 Re7 19. Rf3 Qe8 20. Bxh7+ Nxh7 21.
Rh3 Rc7 22. Qxh7+ Kf8 23. Qh8+ Ke7 24. Qxg7 1-0

[Event "Sparkassen-Open A"]
[Site "Heusenstamm, Martinsee"]
[Date "2021.11.18"]
[Round "1.42"]
[White "Mehlen, Theodor"]
[Black "Steinle, Carsten"]
[Result "0-1"]
[WhiteElo "1861"]
[BlackElo "2117"]
[PlyCount "52"]
[EventDate "2021.??.??"]
[WhiteTeam "SC Matt im Park"]
[BlackTeam "SV Ahlen"]

1. e4 e6 2. d4 d5 3. Nc3 Nf6 4. exd5 Nxd5 5. Bd3 Nxc3 6. bxc3 Nd7 7. Nf3 Be7 8.
O-O O-O 9. Bf4 c5 10. Qd2 Qa5 11. Qe3 Nf6 12. Ne5 Nd5 13. Qh3 f5 14. Bd2 Bf6
15. c4 Qxd2 16. cxd5 Bxe5 17. dxe5 exd5 18. Rfe1 Be6 19. Re3 c4 20. Bf1 Rae8
21. f4 d4 22. Rf3 Qxc2 23. Rg3 d3 24. Bxd3 cxd3 25. Rxd3 Rd8 26. Rd6 Qc5+ 0-1

[Event "Sparkassen-Open A"]
[Site "Heusenstamm, Martinsee"]
[Date "2021.11.18"]
[Round "1.43"]
[White "Spilles, Matthias"]
[Black "Cors, Heinz-Friedrich"]
[Result "1-0"]
[WhiteElo "2088"]
[BlackElo "1858"]
[PlyCount "61"]
[EventDate "2021.??.??"]
[WhiteTeam "Brühler SK"]
[BlackTeam "Schachforum Darmstadt"]

1. e4 c6 2. d4 d5 3. exd5 cxd5 4. Bd3 Nc6 5. c3 Nf6 6. Bf4 Bg4 7. Qb3 Qc8 8.
Nd2 e6 9. Ngf3 Bxf3 10. Nxf3 Be7 11. O-O O-O 12. Rfe1 Nh5 13. Bd2 Qc7 14. Qc2
Nf6 15. Ne5 Rac8 16. Rac1 a6 17. Bf4 Bd6 18. Re3 b5 19. Bg5 Rfe8 20. Bxf6 gxf6
21. Bxh7+ Kf8 22. Nxc6 Qxc6 23. Rce1 Qc7 24. g3 b4 25. Qe2 Qa5 26. Qh5 Re7 27.
Bf5 Rec7 28. Qh8+ Ke7 29. Rxe6+ fxe6 30. Rxe6+ Kd7 31. Rxd6+ 1-0

[Event "Sparkassen-Open A"]
[Site "Heusenstamm, Martinsee"]
[Date "2021.11.18"]
[Round "1.44"]
[White "Huck, Robert"]
[Black "Schreiner, Roland"]
[Result "0-1"]
[WhiteElo "1851"]
[BlackElo "2104"]
[PlyCount "120"]
[EventDate "2021.??.??"]
[WhiteTeam "SC Königsspringer Alzenau"]
[BlackTeam "SC Heusenstamm"]

1. e4 d6 2. d4 Nf6 3. Nc3 g6 4. f3 c6 5. Be3 Qb6 6. Rb1 Bg7 7. Qd2 O-O 8. Bc4
Qc7 9. a4 Nbd7 10. Nge2 e5 11. O-O a6 12. b4 b5 13. Ba2 Nb6 14. a5 Nc4 15. Bxc4
bxc4 16. dxe5 dxe5 17. Bb6 Qb7 18. Rfd1 Be6 19. Na4 Nd7 20. Nc5 Nxc5 21. Bxc5
Rfe8 22. Qe3 f5 23. exf5 Bxf5 24. Rd2 e4 25. f4 Rad8 26. Rbd1 Rd5 27. h3 h5 28.
Nc3 Rxc5 29. bxc5 Qb4 30. Ne2 Bf8 31. Qc3 Bxc5+ 32. Kh2 Kf7 33. Qxb4 Bxb4 34.
Rd4 Bxa5 35. Rxc4 Rc8 36. Rd6 Bd8 37. Rdxc6 Rxc6 38. Rxc6 a5 39. Rd6 Ke7 40.
Rd5 Bc7 41. Nd4 Be6 42. Nc6+ Kf6 43. Rxa5 Bxa5 44. Nxa5 Kf5 45. g3 e3 46. Kg1
Ke4 47. Kg2 Bxh3+ 48. Kg1 Kf3 49. Nb3 e2 50. Nd4+ Ke3 51. Nxe2 Kxe2 52. c4 Kd3
53. Kh2 Bd7 54. c5 Kd4 55. c6 Bxc6 56. Kh3 Bd7+ 57. Kh4 Ke4 58. Kg5 Bf5 59. Kh4
Kf3 60. g4 hxg4 0-1

[Event "Sparkassen-Open A"]
[Site "Heusenstamm, Martinsee"]
[Date "2021.11.18"]
[Round "1.45"]
[White "Bergner, Philipp"]
[Black "Vangsgaard, Claus"]
[Result "1/2-1/2"]
[WhiteElo "2100"]
[BlackElo "1851"]
[PlyCount "107"]
[EventDate "2021.??.??"]
[WhiteTeam "SG Schwäbisch Gmünd"]
[BlackTeam "Vejlby-Risskov"]

1. d4 c5 2. d5 e5 3. Nc3 d6 4. e4 Be7 5. Nf3 h5 6. a4 h4 7. h3 Nf6 8. Be2 g6 9.
Be3 Nh5 10. Qd2 Ng7 11. O-O O-O 12. Nh2 f5 13. f4 exf4 14. Bxf4 g5 15. Be3 f4
16. Bf2 Nd7 17. Ng4 Nf6 18. Nxf6+ Bxf6 19. Rad1 Bd7 20. b3 Qe7 21. Rfe1 Be8 22.
Bg4 Be5 23. Nb1 Nh5 24. Na3 Qg7 25. Qd3 Bc3 26. Rf1 Ng3 27. Bxg3 hxg3 28. Nc4
Bd4+ 29. Kh1 Be5 30. Qf3 Rd8 31. a5 Bd7 32. Rb1 Qf6 33. b4 Bxg4 34. Qxg4 cxb4
35. Rxb4 Rf7 36. Rfb1 Rdd7 37. Qe6 Kg7 38. Nxe5 Qxe5 39. Qxe5+ dxe5 40. c4 g4
41. hxg4 Kg6 42. Kg1 Rc7 43. Kf1 Kg5 44. Ke2 Kxg4 45. d6 Rcd7 46. c5 Rh7 47.
R4b2 Rdf7 48. Kf1 Rh1+ 49. Ke2 Rh2 50. Kf1 Rh1+ 51. Ke2 Rh2 52. Kf1 Rh1+ 53.
Ke2 Rh2 54. Kf1 1/2-1/2

[Event "Sparkassen-Open A"]
[Site "Heusenstamm, Martinsee"]
[Date "2021.11.18"]
[Round "1.46"]
[White "Fröhlich-Dill, Astrid"]
[Black "Gebhardt, Ulrich"]
[Result "0-1"]
[WhiteElo "1848"]
[BlackElo "2093"]
[PlyCount "68"]
[EventDate "2021.??.??"]
[WhiteTeam "SV Hofheim"]
[BlackTeam "SK Ettlingen"]

1. d4 Nf6 2. Nf3 d5 3. c4 e6 4. Nc3 Bb4 5. Bg5 dxc4 6. Qa4+ Nc6 7. e3 Bd7 8.
Rc1 a6 9. Bxf6 Qxf6 10. Bxc4 Bxc3+ 11. Rxc3 Nxd4 12. Qb4 Nxf3+ 13. gxf3 Bc6 14.
Be2 O-O-O 15. O-O Bxf3 16. Bxf3 Qxf3 17. e4 Rd3 18. Rfc1 Rd1+ 19. Rxd1 Qxd1+
20. Kg2 Rd8 21. h3 Qd6 22. Qb3 f5 23. exf5 exf5 24. Rf3 Qd5 25. Qc2 g6 26. b3
Re8 27. Kg3 Qe5+ 28. Kg2 Qe4 29. Qc5 b6 30. Qc1 Rd8 31. Qc3 Rd6 32. Kg3 g5 33.
Qh8+ Kb7 34. Qxh7 f4+ 0-1

[Event "Sparkassen-Open A"]
[Site "Heusenstamm, Martinsee"]
[Date "2021.11.18"]
[Round "1.47"]
[White "Schmidt, Markus"]
[Black "Schellen, Sven"]
[Result "1-0"]
[WhiteElo "2089"]
[BlackElo "1848"]
[PlyCount "41"]
[EventDate "2021.??.??"]
[WhiteTeam "SK Niederbrechen"]
[BlackTeam "SV Frankfurt Nord"]

1. Nf3 d5 2. c4 Nf6 3. cxd5 Qxd5 4. Nc3 Qf5 5. e4 Qd7 6. Bc4 e6 7. d4 Bb4 8.
Qe2 O-O 9. O-O c5 10. Rd1 Qc7 11. Nb5 Qa5 12. Bf4 a6 13. Nc7 Nh5 14. Bd6 Rd8
15. Nxa8 Rxd6 16. a3 Nf4 17. Qe3 Nxg2 18. Kxg2 cxd4 19. Qf4 Qh5 20. axb4 e5 21.
Qxf7+ 1-0

[Event "Sparkassen-Open A"]
[Site "Heusenstamm, Martinsee"]
[Date "2021.11.18"]
[Round "1.48"]
[White "Rose, Daniel"]
[Black "Neidhardt, Helge"]
[Result "1-0"]
[WhiteElo "1842"]
[BlackElo "2070"]
[PlyCount "71"]
[EventDate "2021.??.??"]
[WhiteTeam "Königsjäger Süd-West"]
[BlackTeam "SK Marburg"]

1. d4 Nf6 2. c4 e6 3. Nc3 Bb4 4. a3 Bxc3+ 5. bxc3 O-O 6. f3 c5 7. e3 b6 8. Bd3
Nc6 9. Nh3 d6 10. Nf2 Ne8 11. O-O Qe7 12. Qc2 f5 13. f4 Na5 14. e4 g6 15. Qe2
Qg7 16. Bb2 Bd7 17. e5 Rc8 18. Nh3 dxe5 19. fxe5 Bc6 20. Bc1 Nb3 21. Rb1 Nxc1
22. Rbxc1 Nc7 23. Nf4 Qe7 24. d5 exd5 25. cxd5 Bxd5 26. Nxd5 Nxd5 27. Bc4 Rcd8
28. Rcd1 Qe6 29. Qf3 Qxe5 30. Rfe1 Qg7 31. Bxd5+ Kh8 32. Re6 Rfe8 33. Rde1 Rxe6
34. Rxe6 b5 35. Qe3 b4 36. Re8+ 1-0

[Event "Sparkassen-Open A"]
[Site "Heusenstamm, Martinsee"]
[Date "2021.11.18"]
[Round "1.49"]
[White "Lohr, Matthias"]
[Black "Launert, Martin"]
[Result "1-0"]
[WhiteElo "2063"]
[BlackElo "1841"]
[PlyCount "71"]
[EventDate "2021.??.??"]
[WhiteTeam "TSV Schott Mainz"]
[BlackTeam "Sfr. Erbach"]

1. d4 d5 2. Nf3 Nf6 3. g3 Nbd7 4. Bg2 e6 5. O-O Be7 6. b3 O-O 7. Bb2 Re8 8. c4
c6 9. Nc3 a6 10. a3 Bd6 11. Qc2 Nf8 12. e4 dxe4 13. Nxe4 Nxe4 14. Qxe4 Ng6 15.
Rad1 Qc7 16. Rfe1 Bd7 17. Qc2 Rad8 18. b4 Qb8 19. h4 h6 20. h5 Nf8 21. Ne5 Qc8
22. c5 Be7 23. Bc1 Qc7 24. Nc4 Bg5 25. Nd6 Re7 26. f4 Bf6 27. g4 Bh4 28. Re3
Bf6 29. Rg3 Bh4 30. Rh3 Bf6 31. g5 hxg5 32. fxg5 Bxd4+ 33. Rxd4 e5 34. Re3 Bh3
35. Rde4 Bxg2 36. Qxg2 1-0

[Event "Sparkassen-Open A"]
[Site "Heusenstamm, Martinsee"]
[Date "2021.11.18"]
[Round "1.50"]
[White "Homberger, Jan"]
[Black "Mährlein, Christoph"]
[Result "0-1"]
[WhiteElo "1825"]
[BlackElo "2061"]
[PlyCount "116"]
[EventDate "2021.??.??"]
[WhiteTeam "SSV Weimar"]
[BlackTeam "SC Pforzheim"]

1. e4 e5 2. Nf3 Nc6 3. Bb5 Nge7 4. c3 a6 5. Ba4 d6 6. O-O Bd7 7. d4 Ng6 8. d5
Nb8 9. Bc2 Be7 10. c4 O-O 11. Nc3 h6 12. b4 a5 13. b5 b6 14. h3 Qc8 15. Nh2 f5
16. Qh5 Nf4 17. Bxf4 exf4 18. Ne2 fxe4 19. Bxe4 Bf5 20. Bxf5 Rxf5 21. Qg4 h5
22. Qg6 Bf6 23. Nf3 Bxa1 24. Rxa1 Rf6 25. Qxh5 Nd7 26. Ng5 Nf8 27. Nd4 Qe8 28.
Qxe8 Rxe8 29. Kf1 Re5 30. Ngf3 Re4 31. Re1 Rxe1+ 32. Kxe1 Rg6 33. Kf1 Kf7 34.
h4 Rh6 35. Ke2 Rh5 36. Kd3 Ng6 37. Ne6 Nxh4 38. Nxh4 Rxh4 39. Nxc7 Rh8 40. Ke4
Rc8 41. Ne6 Rxc4+ 42. Kf5 Rc2 43. Ng5+ Ke7 44. Ne4 Rxa2 45. Kxf4 Rc2 46. Ke3 a4
47. Kd3 Rc1 48. Nc3 a3 49. Kd2 Rf1 50. Ke2 Rg1 51. g3 Kf6 52. Ke3 Ke5 53. f4+
Kf5 54. Kf3 Rc1 55. g4+ Kg6 56. f5+ Kf7 57. Ne4 a2 58. Nxd6+ Ke7 0-1

[Event "Sparkassen-Open A"]
[Site "Heusenstamm, Martinsee"]
[Date "2021.11.18"]
[Round "1.51"]
[White "Cichy, Michael"]
[Black "Kosak, Matjaz"]
[Result "1/2-1/2"]
[WhiteElo "2059"]
[BlackElo "1769"]
[PlyCount "83"]
[EventDate "2021.??.??"]
[WhiteTeam "SC BS Gliesmarode"]
[BlackTeam "SV Frankfurt Nord"]

1. d4 d5 2. Nf3 Nf6 3. c4 e6 4. Nc3 Be7 5. Bg5 Nbd7 6. e3 h6 7. Bh4 O-O 8. Rc1
c5 9. dxc5 dxc4 10. c6 Nb6 11. Qxd8 Rxd8 12. cxb7 Bxb7 13. Be2 Kf8 14. O-O Rac8
15. Rfd1 g5 16. Bg3 Ne4 17. Rxd8+ Rxd8 18. Nxe4 Bxe4 19. Rd1 Rxd1+ 20. Bxd1 Bf6
21. Ne5 Ke7 22. Be2 Na4 23. Nxc4 Nxb2 24. Bd6+ Kd7 25. Bc5 Nxc4 26. Bxc4 a5 27.
f3 Bd5 28. Bxd5 exd5 29. Kf2 Kc6 30. Bf8 Kb5 31. Ke2 Kc4 32. Kd2 h5 33. h3 d4
34. exd4 Kxd4 35. Bd6 a4 36. Ba3 Kc4 37. Kc2 Be5 38. Be7 f6 39. Bd8 Kd4 40.
Bb6+ Kc4 41. Bd8 Bd4 42. Be7 1/2-1/2

[Event "Sparkassen-Open A"]
[Site "Heusenstamm, Martinsee"]
[Date "2021.11.18"]
[Round "1.52"]
[White "Armbrust, Matthias"]
[Black "Scholzen, Wolfgang"]
[Result "1-0"]
[WhiteElo "1833"]
[BlackElo "2058"]
[PlyCount "103"]
[EventDate "2021.??.??"]
[WhiteTeam "TSG Bretzenheim"]
[BlackTeam "SK Turm Euskirchen"]

1. e4 e6 2. d4 d5 3. Nd2 Nf6 4. e5 Nfd7 5. Bd3 c5 6. c3 Nc6 7. Ne2 cxd4 8. cxd4
f6 9. exf6 Nxf6 10. Nf3 Bd6 11. O-O Qc7 12. Ng3 O-O 13. Re1 Bd7 14. Bd2 Qb6 15.
Bc3 Rad8 16. Ng5 Rde8 17. Nh5 g6 18. Nxf6+ Rxf6 19. Qg4 Kg7 20. Qh3 h6 21. Nf3
Ref8 22. Bd2 Bf4 23. Bc3 Bc8 24. Qh4 Qc7 25. Re2 g5 26. Qh5 Qf7 27. Qxf7+ R6xf7
28. h3 Bd6 29. a3 a6 30. Rc1 Bf4 31. Rd1 Bb8 32. Rc1 Ba7 33. Rd1 Bd7 34. Bc2
Bb6 35. Bd3 Rf6 36. Bc2 Be8 37. Rde1 Bh5 38. Rxe6 Bxf3 39. gxf3 Kf7 40. R6e3
Kg7 41. Kg2 Bxd4 42. Bxd4 Nxd4 43. Re7+ R6f7 44. Bd1 Rxe7 45. Rxe7+ Rf7 46. Re5
Rd7 47. Kg3 Kf6 48. Re8 Nf5+ 49. Kg2 d4 50. Rf8+ Ke5 51. Re8+ Kf4 52. Re4# 1-0

[Event "Sparkassen-Open A"]
[Site "Heusenstamm, Martinsee"]
[Date "2021.11.18"]
[Round "1.53"]
[White "Swoboda, Philipp"]
[Black "Heppert, Lars"]
[Result "1-0"]
[WhiteElo "1976"]
[BlackElo "1833"]
[PlyCount "77"]
[EventDate "2021.??.??"]
[WhiteTeam "SV Frankfurt Nord"]
[BlackTeam "SK Neuburg"]

1. d4 d5 2. c4 c6 3. Nf3 Nf6 4. Nc3 e6 5. Bg5 h6 6. Bxf6 Qxf6 7. e3 Nd7 8. Be2
g6 9. O-O Bg7 10. e4 dxc4 11. Bxc4 b5 12. Bd3 b4 13. e5 Qe7 14. Ne4 O-O 15. Rc1
Nb6 16. Qd2 Bb7 17. Qf4 Nd5 18. Qg3 a5 19. Nc5 Ra7 20. h4 Ba8 21. Rfe1 Rd8 22.
h5 g5 23. Qg4 Nb6 24. Qe4 Nd7 25. Qh7+ Kf8 26. Nh2 Nxc5 27. dxc5 Rad7 28. Ng4
f5 29. exf6 Bxf6 30. Qg6 Rxd3 31. Nxf6 Qg7 32. Rxe6 Qxg6 33. hxg6 Bb7 34. Nh5
Bc8 35. g7+ Kg8 36. Rxh6 Kf7 37. Re1 Bg4 38. g8=Q+ Rxg8 39. Rf6# 1-0

[Event "Sparkassen-Open A"]
[Site "Heusenstamm, Martinsee"]
[Date "2021.11.18"]
[Round "1.54"]
[White "Scholz, Michael"]
[Black "Steudel, Max"]
[Result "1-0"]
[WhiteElo "1798"]
[BlackElo "2052"]
[PlyCount "53"]
[EventDate "2021.??.??"]
[WhiteTeam "SK Mömbris"]
[BlackTeam "SC Brett vorm Kopp"]

1. e4 c6 2. c4 d5 3. exd5 cxd5 4. cxd5 Nf6 5. Nc3 Nxd5 6. Bb5+ Nc6 7. Qa4 Qd6
8. Nge2 Bd7 9. d4 a6 10. O-O Nb6 11. Bf4 Nxa4 12. Bxa4 e5 13. dxe5 Qb4 14. a3
Qa5 15. b4 Qd8 16. e6 fxe6 17. Ne4 e5 18. Bg5 Be7 19. Nd6+ Kf8 20. Nxb7 Qc7 21.
Bxe7+ Nxe7 22. Bxd7 Qxd7 23. Nc5 Qb5 24. Rae1 h6 25. f4 e4 26. Nd4 Qb6 27. Nd7+
1-0

[Event "Sparkassen-Open A"]
[Site "Heusenstamm, Martinsee"]
[Date "2021.11.18"]
[Round "1.55"]
[White "Schröder, Jürgen"]
[Black "Faber, Lutz"]
[Result "1/2-1/2"]
[WhiteElo "2054"]
[BlackElo "1824"]
[PlyCount "106"]
[EventDate "2021.??.??"]
[WhiteTeam "SC Matt im Park"]
[BlackTeam "Zwickauer SC"]

1. e4 g6 2. d4 d6 3. Nf3 Bg7 4. Nc3 Nc6 5. Be3 e5 6. h3 exd4 7. Nxd4 Nge7 8.
Bc4 O-O 9. O-O Nxd4 10. Bxd4 Bxd4 11. Qxd4 Be6 12. Bb3 Nc6 13. Qd2 Na5 14. f4
Nxb3 15. axb3 f5 16. Qe3 a6 17. exf5 Bxf5 18. Nd5 Rf7 19. c3 Qf8 20. Rae1 Bc2
21. c4 Qg7 22. Rf2 Bf5 23. g4 Bd7 24. Nxc7 Rc8 25. Nd5 Re8 26. Qc3 Rxe1+ 27.
Qxe1 Qd4 28. Qe3 Qd1+ 29. Kh2 Bc6 30. Qd2 Qxb3 31. Qd4 Bxd5 32. cxd5 Re7 33.
Qf6 Qe3 34. Rc2 Re8 35. Qxd6 Qd3 36. Qc5 Re2+ 37. Rxe2 Qxe2+ 38. Kg3 Qe1+ 39.
Kg2 Qe4+ 40. Kg3 Qe1+ 41. Qf2 Qd1 42. Qg2 Qe1+ 43. Kf3 Kf7 44. g5 Qd1+ 45. Ke4
Qa4+ 46. Ke5 Qe8+ 47. Kd4 Qa4+ 48. Ke3 Qb3+ 49. Ke4 Qb4+ 50. Kf3 Qb3+ 51. Kg4
Qd1+ 52. Kg3 Qe1+ 53. Kh2 Qe3 1/2-1/2

[Event "Sparkassen-Open A"]
[Site "Heusenstamm, Martinsee"]
[Date "2021.11.18"]
[Round "1.56"]
[White "Weiland, Thomas"]
[Black "Calvi, Stefan"]
[Result "1/2-1/2"]
[WhiteElo "1799"]
[BlackElo "2053"]
[PlyCount "53"]
[EventDate "2021.??.??"]
[WhiteTeam "SV Oberursel"]
[BlackTeam "SF Frankfurt"]

1. c4 Nf6 2. Nf3 c5 3. Nc3 d6 4. g3 Nc6 5. Bg2 g6 6. d3 Bg7 7. O-O O-O 8. Bg5
h6 9. Bd2 a6 10. a3 Rb8 11. Rb1 Bd7 12. Qc1 Kh7 13. b4 cxb4 14. axb4 b5 15.
cxb5 axb5 16. Re1 e6 17. e4 Ng4 18. Ne2 Nce5 19. Nxe5 Nxe5 20. Rb3 Rc8 21. Qb1
Qe7 22. h3 Nc6 23. Bc3 Bxc3 24. Rxc3 Nd4 25. Rxc8 Nxe2+ 26. Rxe2 Rxc8 27. Rc2
1/2-1/2

[Event "Sparkassen-Open A"]
[Site "Heusenstamm, Martinsee"]
[Date "2021.11.18"]
[Round "1.57"]
[White "Blübaum, Johanna"]
[Black "Klaska, Philipp Leon"]
[Result "1-0"]
[WhiteElo "2046"]
[BlackElo "1745"]
[PlyCount "91"]
[EventDate "2021.??.??"]
[WhiteTeam "SK Marburg"]
[BlackTeam "Düsseldorfer SV"]

1. d4 Nf6 2. c4 e6 3. Nc3 Bb4 4. e3 O-O 5. Bd3 d5 6. a3 Be7 7. Nge2 Nbd7 8.
cxd5 exd5 9. O-O Re8 10. Nf4 c6 11. f3 Nf8 12. Bc2 Ne6 13. Nxe6 Bxe6 14. Kh1
Qd7 15. e4 dxe4 16. fxe4 Rad8 17. Be3 Ng4 18. Bg1 Bf6 19. e5 Be7 20. h3 Nh6 21.
Qh5 Bf8 22. Ne4 Kh8 23. Rad1 g6 24. Qh4 Ng8 25. Be3 Be7 26. Qf2 Bd5 27. Qg3 Kg7
28. Nc3 Bf8 29. Nxd5 cxd5 30. Rf2 Be7 31. Rdf1 Rf8 32. Bd1 Qe6 33. Bg4 Qb6 34.
Rc1 Nh6 35. Rfc2 Nxg4 36. Qxg4 f5 37. Qe2 Rd7 38. Qd2 Rfd8 39. Bh6+ Kf7 40. Bg5
Bxg5 41. Qxg5 Re8 42. Rc8 Rxc8 43. Rxc8 Rc7 44. Rd8 Qe6 45. Qh6 Ke7 46. Qf8#
1-0

[Event "Sparkassen-Open A"]
[Site "Heusenstamm, Martinsee"]
[Date "2021.11.18"]
[Round "1.58"]
[White "Rabiya, Karim"]
[Black "Schmidbauer, Frank"]
[Result "0-1"]
[WhiteElo "1803"]
[BlackElo "2044"]
[PlyCount "51"]
[EventDate "2021.??.??"]
[WhiteTeam "SK Niederbrechen"]
[BlackTeam "SV Wollishofen Zuerich"]

1. e4 d6 2. d4 Nf6 3. Nc3 g6 4. f4 Bg7 5. Nf3 O-O 6. Bd3 Na6 7. O-O Nd7 8. Qe2
c5 9. d5 Nb4 10. Be3 a6 11. e5 Nxd3 12. cxd3 dxe5 13. fxe5 Nxe5 14. Bxc5 Bg4
15. d4 Nxf3+ 16. gxf3 Bh3 17. Rfd1 Re8 18. Rd2 b6 19. Ba3 e5 20. dxe5 Rxe5 21.
Qd3 Qg5+ 22. Kh1 Re3 23. Qc4 Bxc3 24. bxc3 Rae8 25. Rg1 Re1 26. Rd1 0-1

[Event "Sparkassen-Open A"]
[Site "Heusenstamm, Martinsee"]
[Date "2021.11.18"]
[Round "1.59"]
[White "Minor, Viatcheslav"]
[Black "Füssel, Jan Michael"]
[Result "1-0"]
[WhiteElo "2041"]
[BlackElo "1799"]
[PlyCount "73"]
[EventDate "2021.??.??"]
[WhiteTeam "SV Eisenach"]
[BlackTeam "VSG Offenbach"]

1. e4 c5 2. d3 g6 3. Nf3 Bg7 4. g3 d6 5. Bg2 Nf6 6. O-O O-O 7. Re1 e5 8. Nbd2
Nc6 9. Nc4 Be6 10. Ng5 Bxc4 11. dxc4 h6 12. Nf3 Nh5 13. c3 Rb8 14. Qe2 a6 15.
Be3 b5 16. cxb5 axb5 17. Rad1 Qc7 18. Qd2 Rfd8 19. Bxh6 b4 20. Bxg7 Kxg7 21.
Bf1 Qa5 22. Bc4 bxc3 23. bxc3 f6 24. Rb1 Qc7 25. Nh4 Ne7 26. Rxb8 Rxb8 27. Rd1
Rb6 28. Be2 Qb7 29. Bf3 Kf7 30. Qd3 Ng7 31. Ng2 Ne6 32. Ne3 Nc8 33. Bg4 Ng5 34.
Nc4 Ra6 35. Bxc8 Qxc8 36. Nxd6+ Rxd6 37. Qxd6 1-0

[Event "Sparkassen-Open A"]
[Site "Heusenstamm, Martinsee"]
[Date "2021.11.18"]
[Round "1.60"]
[White "Werner, Rosalie"]
[Black "Von Auer, Ulrich"]
[Result "0-1"]
[WhiteElo "1746"]
[BlackElo "2033"]
[PlyCount "112"]
[EventDate "2021.??.??"]
[WhiteTeam "VSG Offenbach"]
[BlackTeam "SF Frankfurt"]

1. e4 e6 2. d4 d5 3. Nd2 Nc6 4. Ngf3 Nf6 5. e5 Nd7 6. c3 f6 7. exf6 Qxf6 8. Bd3
Bd6 9. O-O O-O 10. Qc2 h6 11. Nb3 e5 12. dxe5 Ndxe5 13. Nxe5 Nxe5 14. Be2 Qh4
15. f4 Ng4 16. h3 Bf5 17. Qd1 Nf6 18. Nd4 Bc5 19. Kh2 Bxd4 20. Qxd4 c6 21. Be3
Ne4 22. Bf2 Qxf4+ 23. g3 Qc7 24. Kg2 Rae8 25. Rae1 Nxf2 26. Rxf2 Be4+ 27. Kh2
Qb6 28. Qxb6 axb6 29. Kg1 Rxf2 30. Kxf2 Rf8+ 31. Ke3 Rf6 32. Bg4 Kf8 33. Rg1
Bf5 34. Bxf5 Rxf5 35. a3 Ke7 36. g4 Re5+ 37. Kf3 Kf6 38. h4 Re4 39. Rd1 Ke5 40.
Rh1 Rf4+ 41. Kg3 Re4 42. Kf3 g6 43. h5 g5 44. Rd1 c5 45. Rc1 Rf4+ 46. Kg3 d4
47. cxd4+ cxd4 48. Rc7 d3 49. Re7+ Kd6 50. Re1 d2 51. Rd1 Rd4 52. Kf3 Ke5 53.
Ke3 Rd6 54. Kf3 Rd3+ 55. Ke2 Ke4 56. b4 Rd6 0-1

[Event "Sparkassen-Open A"]
[Site "Heusenstamm, Martinsee"]
[Date "2021.11.18"]
[Round "1.61"]
[White "Papadopoulos, Ioannis"]
[Black "Busch, Malte"]
[Result "1-0"]
[WhiteElo "2005"]
[BlackElo "1769"]
[PlyCount "77"]
[EventDate "2021.??.??"]
[WhiteTeam "SV Oberursel"]
[BlackTeam "SC Hattersheim"]

1. e4 Nf6 2. e5 Nd5 3. d4 d6 4. c4 Nb6 5. exd6 cxd6 6. Nc3 g6 7. Be3 Bg7 8. Rc1
O-O 9. b3 e5 10. dxe5 dxe5 11. Qxd8 Rxd8 12. c5 N6d7 13. Bc4 e4 14. Nxe4 Ne5
15. Nd6 Nxc4 16. Nxc4 b6 17. cxb6 Bb7 18. Nf3 axb6 19. a4 Rd3 20. Rb1 Be4 21.
O-O Na6 22. Nxb6 Rb8 23. a5 Rc3 24. Rbc1 Rxb3 25. Nd2 Rb4 26. Nxe4 Rxe4 27.
Rfd1 Rbe8 28. Nc4 Rc8 29. Nd6 Rxc1 30. Rxc1 Ra4 31. g3 h5 32. Rc8+ Kh7 33. Nxf7
Rxa5 34. Ng5+ Kh6 35. Ra8 Ra1+ 36. Kg2 Nb4 37. Ne6+ Kh7 38. Rb8 Nc6 39. Rb7 1-0

[Event "Sparkassen-Open A"]
[Site "Heusenstamm, Martinsee"]
[Date "2021.11.18"]
[Round "1.62"]
[White "Plaumann, Arvin"]
[Black "Waffenschmidt, Joachim"]
[Result "0-1"]
[WhiteElo "1613"]
[BlackElo "2026"]
[PlyCount "74"]
[EventDate "2021.??.??"]
[WhiteTeam "SF Heidesheim"]
[BlackTeam "SV Hofheim"]

1. d4 d5 2. Nf3 Nf6 3. g3 g6 4. Bg2 Bg7 5. c4 O-O 6. cxd5 Nxd5 7. O-O b6 8. e4
Nf6 9. Nc3 Bb7 10. Re1 e6 11. Bf4 Na6 12. Ne5 c5 13. d5 Nh5 14. Nc6 Bxc6 15.
dxc6 Nxf4 16. gxf4 Nb4 17. e5 Qh4 18. a3 Rad8 19. Qa4 Nd3 20. Re2 Rd4 21. Qa6
Nxf4 22. c7 Nxe2+ 23. Nxe2 Bxe5 24. c8=Q Rxc8 25. Qxc8+ Rd8 26. Qb7 Qxh2+ 27.
Kf1 Bxb2 28. Rb1 Qd6 29. Bf3 Bxa3 30. Qxa7 Bb4 31. Ng3 Qd3+ 32. Kg2 Qxb1 33.
Ne4 Qd3 34. Qe7 Qd4 35. Nf6+ Kg7 36. Nh5+ gxh5 37. Bxh5 Qf6 0-1

[Event "Sparkassen-Open A"]
[Site "Heusenstamm, Martinsee"]
[Date "2021.11.18"]
[Round "1.63"]
[White "Bashylina, Luisa"]
[Black "Burkart, Lloyd Shang"]
[Result "1-0"]
[WhiteElo "1916"]
[BlackElo "1518"]
[PlyCount "89"]
[EventDate "2021.??.??"]
[WhiteTeam "SG Solingen"]
[BlackTeam "SV Hofheim"]

1. d4 Nf6 2. c4 e6 3. Nc3 Bb4 4. e3 O-O 5. Bd2 Re8 6. a3 Bf8 7. Nf3 d5 8. Bd3
c5 9. dxc5 Bxc5 10. b4 dxc4 11. Bxc4 Be7 12. O-O b6 13. Qb3 Bf8 14. Rfd1 Qe7
15. Rac1 Bb7 16. Nb5 a6 17. Nbd4 Nbd7 18. Be1 g6 19. a4 e5 20. Ne2 e4 21. Nfd4
Ne5 22. Nf4 Nxc4 23. Qxc4 Rac8 24. Qb3 Bh6 25. Nfe2 Nd5 26. b5 a5 27. Nc6 Bxc6
28. bxc6 Nb4 29. Rd7 Qf8 30. Bxb4 axb4 31. Nd4 Bg7 32. Nb5 Be5 33. Qd5 b3 34.
Qxb3 Red8 35. Rcd1 Rxd7 36. cxd7 Rd8 37. Qd5 Qe7 38. Na7 Bc7 39. Nc6 Qh4 40. g3
Qg4 41. Nxd8 Bxd8 42. Rc1 Qe2 43. Rc8 Kg7 44. Rxd8 Qd1+ 45. Qxd1 1-0

[Event "Sparkassen-Open A"]
[Site "Heusenstamm, Martinsee"]
[Date "2021.11.18"]
[Round "1.64"]
[White "Linnemann, Caspar"]
[Black "Junker, Christian"]
[Result "0-1"]
[WhiteElo "1731"]
[BlackElo "2019"]
[PlyCount "110"]
[EventDate "2021.??.??"]
[WhiteTeam "TuS Coswig"]
[BlackTeam "SV Neu-Isenburg"]

1. e4 e5 2. Nf3 Nf6 3. Nc3 Nc6 4. d4 Bb4 5. d5 Ne7 6. Bd3 O-O 7. O-O d6 8. Bg5
Ng6 9. Nh4 h6 10. Nxg6 fxg6 11. Bh4 g5 12. Bg3 a6 13. Na4 Qe8 14. c3 Ba5 15. b4
Bd7 16. Bc2 Bb6 17. Nxb6 cxb6 18. Rc1 Qg6 19. Qe2 h5 20. h4 Rac8 21. Bd3 b5 22.
f3 Nh7 23. c4 gxh4 24. Bxh4 Rf4 25. Qf2 Rcf8 26. Qg3 Qh6 27. Qf2 g5 28. Bg3
R4f7 29. Qe3 bxc4 30. Bxc4 h4 31. Bh2 Qg6 32. Rc2 Nf6 33. Be2 Nh5 34. Rcc1 Rg7
35. Rfe1 Nf4 36. Bxf4 gxf4 37. Qf2 h3 38. Bf1 Qh5 39. Rc2 hxg2 40. Bxg2 Rf6 41.
Ree2 Rh6 42. Kf1 Bb5 43. Ke1 Bxe2 44. Qxe2 Qh2 45. Bf1 Qg1 46. Qf2 Rh1 47. Qxg1
Rgxg1 48. Rf2 Kh7 49. Ke2 Kh6 50. a4 Kh5 51. Ke1 Kh4 52. b5 axb5 53. axb5 b6
54. Ke2 Kg3 55. Ke1 Rxf1+ 0-1